Spell the Marvel Character #424 - Statistics

General Stats
  • This quiz has been taken 14 times
  • The average score is 7 of 13
Answer Stats
Picture Answer % Correct
Thor
100%
Rocket Raccoon
93%
Agent Venom
79%
Stinger
64%
Nocturne
57%
Abigail Brand
50%
Rom the Spaceknight
50%
Uranian
50%
Nightmask
43%
Reptil
43%
Arcturus Rann
29%
Colleen Wing
29%
Ulysses Solomon Archer
29%
No matching quizzes found
Score Distribution
Percent of People with Each Score
Percentile by Number Answered
Your Score History
You have not taken this quiz